Personnages principaux (jouables) des jeux Assassin's Creed - Statistiques

Statistiques générales
  • Ce quiz a été pris 40 fois
  • Le résultat moyen est 17 sur 29
Statistiques - réponses
Jeu Type de quiz Personnage principal jouable % Correct
Assassin's Creed II Jeu principal Ezio Auditore
100%
Assassin's Creed: Brotherhood Jeu principal Ezio Auditore
100%
Assassin's Creed: Revelations Jeu principal Ezio Auditore
100%
Assassin's Creed II: Discovery Série dérivée Ezio Auditore
100%
Assassin's Creed Nexus Série dérivée Ezio Auditore
100%
Assassin's Creed Jeu principal Altaïr Ibn-La'Ahad
91%
Assassin's Creed: Altair's Chronicles Série dérivée Altaïr Ibn-La'Ahad
91%
Assassin's Creed: Bloodlines Série dérivée Altaïr Ibn-La'Ahad
91%
Assassin's Creed IV: Black Flag Jeu principal Edward Kenway
86%
Assassin's Creed III Jeu principal Connor Kenway
83%
Assassin's Creed Nexus Série dérivée Connor Kenway
74%
Assassin's Creed: Unity Jeu principal Arno Victor Dorian
71%
Assassin's Creed: Origins Jeu principal Bayek de Siwa
63%
Assassin's Creed: Syndicate Jeu principal Jacob Frye
57%
Assassin's Creed: Valhalla Jeu principal Eivor Varinsson/Varinsdottir
54%
Assassin's Creed: Odyssey Jeu principal Kassandra
49%
Assassin's Creed Nexus Série dérivée Kassandra
49%
Assassin's Creed: Shadows Jeu principal Yasuke
49%
Assassin's Creed: Mirage Jeu principal Basim Ibn Ishaq
46%
Assassin's Creed: Shadows Jeu principal Naoe
46%
Assassin's Creed: Rogue Jeu principal Shay Patrick Cormac
43%
Assassin's Creed: Odyssey Jeu principal Alexios
37%
Assassin's Creed Freedom Cry Série dérivée Adéwalé
31%
Assassin's Creed III: Liberation Série dérivée Aveline de Grandpré
31%
Assassin's Creed: Origins Jeu principal Aya d'Alexandrie
31%
Assassin's Creed Chronicles: Russia Série dérivée Nikolai Orelov
9%
Assassin's Creed Chronicles: China Série dérivée Shao Jun
6%
Assassin's Creed: Pirates Série dérivée Alonzo Batilla
3%
Assassin's Creed Chronicles: India Série dérivée Arbaaz Mir
3%
Aucun quiz correspondant
Distribution des résultats
% des personnes avec chaque résultat
Percentile par nombre de réponses
Votre historique - résultats
Vous n’avez pas pris ce quiz